000 01172nam a22002897a 4500
999 _c64833
_d64833
005 20240530110753.0
008 181219s2018 ua g 000 0 ara d
017 _a2018/3465
_bمصر. دار الكتب
020 _a9786140124257
040 _aEG-CaGPL
_cEG-CaGPL
082 0 4 _221
_a823 /
_bب أ
100 1 _aبراون، دان
245 1 2 _aالاصيل :
_bرواية = Origin /
_cدلن براون ؛ ترجمة زينة ادريس ؛ مراجعة وتحرير مركز التعريب والبرمجة
246 1 1 _aOrigin
250 _aط.1
260 _aالقاهرة :
_bالدار المصرية اللبنانية ،
_c2018.
260 _aبيروت :
_bالدار العربية للعلوم ناشرون،
_c2018.
300 _a462 ص. ؛
_c24 سم.
650 0 7 _2qrmak
_aالادب الانجليزى
650 0 7 _2qrmak
_aالقصص الانجليزية
650 0 7 _2qrmak
_aالقصص الانجليزية المترجمة
651 _2qrmak
700 0 _aزينة ادريس
_eمترجم
710 1 _aمركز التعريب والبرمجة
_eمراجع ومحرر
942 _2ddc
_cBK